000 00439nam a2200169 a 4500
001 196
003 CO-ViMGA
008 141112s2004 ck r 000 u spa d
040 _aCO-ViMGA
_bspa
_cCO-ViMGA
082 0 4 _a986.106 R134
245 1 0 _aLos radicales del siglo XXI
260 _aBogotá :
_bAncora,
_c1984
300 _a176 p
490 _aEscritos politicos
650 1 4 _aCOLOMBIA - HISTORIA - RADICALISMO
_947912
942 _2ddc
_cBK
999 _c12444
_d12444